HUMAN BIOLOGY (Record no. 216229)

MARC details
000 -LEADER
fixed length control field 00396nam a22001577a 4500
008 - FIXED-LENGTH DATA ELEMENTS--GENERAL INFORMATION
fixed length control field 251120b |||||||| |||| 00| 0 eng d
020 ## - INTERNATIONAL STANDARD BOOK NUMBER
International Standard Book Number 978-1-305-11210-0
100 ## - MAIN ENTRY--PERSONAL NAME
Personal name STARR, CECIE
245 ## - TITLE STATEMENT
Title HUMAN BIOLOGY
260 ## - PUBLICATION, DISTRIBUTION, ETC.
Place of publication, distribution, etc. BOSTON
Name of publisher, distributor, etc. CENGAGE LEARNING
Date of publication, distribution, etc. 2016
300 ## - PHYSICAL DESCRIPTION
Extent XXIII, 489P.
500 ## - GENERAL NOTE
General note INCLUDES INDEX
650 ## - SUBJECT ADDED ENTRY
Topical term or geographic name entry element 1. HUMAN BIOLOGY
942 ## - ADDED ENTRY ELEMENTS (KOHA)
Source of classification or shelving scheme Library of Congress Classification
Koha item type Long Loan Book
Holdings
Withdrawn status Lost status Source of classification or shelving scheme Damaged status Not for loan Collection Home library Current library Shelving location Date acquired Inventory number Total checkouts Full call number Barcode Date last seen Copy number Price effective from Koha item type Total renewals Date last checked out
    Library of Congress Classification     Science & Technology Kisii University Library Kisii University Library On Display 11/20/2025 109945   QH 308.2 .S83 2016 000000000614 11/20/2025 C.1 11/20/2025 Long Loan Book    
    Library of Congress Classification     Science & Technology Kisii University Library Kisii University Library On Display 11/20/2025 109946   QH 308.2 .S83 2016 000000002563 11/20/2025 C.2 11/20/2025 Long Loan Book    
    Library of Congress Classification     Science & Technology Kisii University Library Kisii University Library On Display 11/20/2025 109947   QH 308.2 .S83 2016 000000000613 11/20/2025 C.3 11/20/2025 Long Loan Book    
    Library of Congress Classification     Science & Technology Kisii University Library Kisii University Library On Display 11/20/2025 109948 2 QH 308.2 .S83 2016 000000002564 04/20/2026 C.4 11/20/2025 Long Loan Book 1 03/23/2026